Economic development / (Record no. 2075)
[ view plain ]
| 000 -LEADER | |
|---|---|
| fixed length control field | 01441nam a22003855a 4500 |
| 003 - CONTROL NUMBER IDENTIFIER | |
| control field | EG-ScBUE |
| 005 - DATE AND TIME OF LATEST TRANSACTION | |
| control field | 20200823102805.0 |
| 008 - FIXED-LENGTH DATA ELEMENTS--GENERAL INFORMATION | |
| fixed length control field | 150817t2006 enkab f bd 001 0 eng d |
| 020 ## - INTERNATIONAL STANDARD BOOK NUMBER | |
| International Standard Book Number | 9780321311955 |
| 020 ## - INTERNATIONAL STANDARD BOOK NUMBER | |
| International Standard Book Number | 0321311957 |
| 020 ## - INTERNATIONAL STANDARD BOOK NUMBER | |
| International Standard Book Number | 9780321311955 |
| 040 ## - CATALOGING SOURCE | |
| Original cataloging agency | EG-ScBUE |
| Language of cataloging | eng |
| Description conventions | rda |
| Transcribing agency | EG-ScBUE |
| Modifying agency | EG-ScBUE |
| 082 04 - DEWEY DECIMAL CLASSIFICATION NUMBER | |
| Classification number | 338.90091724 |
| Item number | TOD |
| Edition number | 22 |
| 100 1# - MAIN ENTRY--PERSONAL NAME | |
| Personal name | Todaro, Michael P., |
| Relator term | author. |
| 245 10 - TITLE STATEMENT | |
| Title | Economic development / |
| Statement of responsibility, etc | Michael P. Todaro, New York University and the Population Council, Stephen C. Smith, The George Washington University. |
| 250 ## - EDITION STATEMENT | |
| Edition statement | Ninth edition. |
| 264 #1 - PUBLICATION, DISTRIBUTION, ETC. (IMPRINT) | |
| Place of publication, distribution, etc | Harlow, England : |
| Name of publisher, distributor, etc | Pearson Education Limited, |
| Date of publication, distribution, etc | 2006. |
| 300 ## - PHYSICAL DESCRIPTION | |
| Extent | xxvii, 851 pages : |
| Other physical details | illustrations, maps ; |
| Dimensions | 24 cm. |
| 336 ## - CONTENT TYPE | |
| Source | rdacontent |
| Content type term | text |
| Content type code | txt |
| 337 ## - MEDIA TYPE | |
| Source | rdamedia |
| Media type term | unmediated |
| Media type code | n |
| 338 ## - CARRIER TYPE | |
| Source | rdacarrier |
| Carrier type term | volume |
| Carrier type code | nc |
| 490 #0 - SERIES STATEMENT | |
| Series statement | The Addison-Wesley series in economics |
| 500 ## - GENERAL NOTE | |
| General note | Includes glossary. |
| 504 ## - BIBLIOGRAPHY, ETC. NOTE | |
| Bibliography, etc | Includes bibliographical references and index. |
| 590 ## - LOCAL NOTE (RLIN) | |
| Local note | Menna Elemam<br/> |
| 650 #7 - SUBJECT ADDED ENTRY--TOPICAL TERM | |
| Topical term or geographic name as entry element | Economic development. |
| Source of heading or term | BUEsh |
| 650 #7 - SUBJECT ADDED ENTRY--TOPICAL TERM | |
| Topical term or geographic name as entry element | Economic history |
| Source of heading or term | BUEsh |
| 650 #7 - SUBJECT ADDED ENTRY--TOPICAL TERM | |
| Topical term or geographic name as entry element | Economic policy. |
| Source of heading or term | BUEsh |
| 650 #7 - SUBJECT ADDED ENTRY--TOPICAL TERM | |
| Topical term or geographic name as entry element | Developing countries |
| Source of heading or term | BUEsh |
| 653 ## - INDEX TERM--UNCONTROLLED | |
| Resource For college | BAEPS, Economics |
| Arrived date list | August2015 |
| 655 ## - INDEX TERM--GENRE/FORM | |
| Form subdivision | Reading book |
| 9 (RLIN) | 34232 |
| 700 1# - ADDED ENTRY--PERSONAL NAME | |
| Personal name | Smith, Stephen C., |
| Dates associated with a name | 1955- |
| Relator term | author. |
| 856 41 - ELECTRONIC LOCATION AND ACCESS | |
| Materials specified | Table of contents |
| Uniform Resource Identifier | <a href="http://www.loc.gov/catdir/toc/ecip0511/2005011342.html">http://www.loc.gov/catdir/toc/ecip0511/2005011342.html</a> |
| 942 ## - ADDED ENTRY ELEMENTS (KOHA) | |
| Koha item type | Book - Borrowing |
| Call number prefix | 338.90091724 TOD |
| Source of classification or shelving scheme | Dewey Decimal Classification |
| Withdrawn status | Lost status | Source of classification or shelving scheme | Damaged status | Not for loan | Home library | Current library | Shelving location | Date acquired | Source of acquisition | Total Checkouts | Full call number | Barcode | Checked out | Date last seen | Koha item type | Materials specified (bound volume or other part) | Total Renewals | Date checked out | Collection code | Price effective from |
|---|---|---|---|---|---|---|---|---|---|---|---|---|---|---|---|---|---|---|---|---|
| Dewey Decimal Classification | Central Library | Central Library | First floor | 07/02/2011 | Purchase | 1 | 338.90091724 TOD | 000002139 | 06/03/2009 | 04/10/2007 | Book - Borrowing | |||||||||
| Dewey Decimal Classification | Damaged | Central Library | Central Library | First floor | 11/02/2007 | Purchase | 17 | 338.90091724 TOD | 000006022 | 24/08/2016 | Book - Borrowing | BOX01 | 62 | 11/05/2016 | ||||||
| Lost & Replaced | Dewey Decimal Classification | Central Library | Central Library | First floor | 08/02/2014 | Purchase | 10 | 338.90091724 TOD | 000010842 | 22/09/2020 | Book - Borrowing | 19 | 19/02/2013 | |||||||
| Dewey Decimal Classification | Central Library | Central Library | First floor | 28/02/2010 | 338.90091724 TOD | 000006016 | 15/07/2025 | NB - Book (Non borrowing) | ||||||||||||
| Dewey Decimal Classification | Central Library | Central Library | First floor | 23/08/2020 | Purchase | 338.90091724 TOD | 000049455 | 15/07/2025 | Book - Borrowing | Baccah | 23/08/2020 |